| 000 | 01484cam a2200349 a 4500 | ||
|---|---|---|---|
| 001 | EDZ0000064219 | ||
| 003 | StDuBDS | ||
| 005 | 20161031105126.0 | ||
| 006 | m||||||||d|||||||| | ||
| 007 | cr ||||||||||| | ||
| 008 | 120327s2001 enk fo| 001|0|eng d | ||
| 020 |
_a9781446220801 (ebook) : _cNo price |
||
| 040 |
_aStDuBDS _beng _cStDuBDS _epn |
||
| 049 | _aAlfaisal Main Library | ||
| 050 | 0 |
_aHF5415.32 _b.R58 2001 |
|
| 082 | 0 | 4 |
_a306.3 _223 |
| 100 | 1 | _aRitzer, George. | |
| 245 | 1 | 0 |
_aExplorations in the sociology of consumption _h[electronic resource] : _bfast food, credit cards and casinos / _cGeorge Ritzer. |
| 260 |
_aLondon : _bSAGE, _cc2001. |
||
| 300 | _a1 online resource (x, 257 p.) | ||
| 504 | _aIncludes bibliographical references and index. | ||
| 520 | 8 | _aContaining ideas and insights, this text shows how new processes of consumption relate to globalization theory. It discusses the work of Thorstein and Veblen to unearth the fundamental problems of consumption in older sociological traditions. | |
| 521 | _aSpecialized. | ||
| 588 | _aDescription based on print version record. | ||
| 650 | 0 |
_aConsumption (Economics) _xSocial aspects. |
|
| 650 | 0 |
_aConsumer behavior _xSocial aspects. |
|
| 655 | 7 |
_aElectronic books. _2local |
|
| 710 | 2 | _aSage eBooks | |
| 776 | 0 | 8 |
_iPrint version : _z9780761971207 |
| 856 | 4 | 0 | _uhttp://ezproxy.alfaisal.edu/login?url=http://sk.sagepub.com/books/explorations-in-the-sociology-of-consumption |
| 942 |
_2lcc _cEBOOKS |
||
| 999 |
_c479851 _d479851 |
||